| 000 | 00621nam a2200205 i 4500 | ||
|---|---|---|---|
| 001 | 32770 | ||
| 003 | ES-MaACL | ||
| 007 | t| | ||
| 008 | 030131s1983 sp ||||1| spa d | ||
| 100 | 1 |
_aBertrán, Juan Bautista. _928494 |
|
| 245 | 1 | 0 |
_aGrecia, en mi clave _b: poemas / _cJuan Bautista Bertrán ; ilustraciones: Pere Arasa. |
| 250 | _a[1ª ed.]. | ||
| 260 |
_aBarcelona : _bLibros de Río Nuevo, _c[1983] |
||
| 300 |
_a81 p. : _bil. ; _c20 cm. |
||
| 490 | 1 |
_aUcieza ; _v12 |
|
| 700 | 1 |
_aArasa, Pere. _922348 |
|
| 830 | 0 |
_aUcieza ; _v12 _9229431 |
|
| 852 |
_aES-MaACL _jL-4705 _bR.105356 |
||
| 999 |
_c32770 _d32770 |
||